000
00211 a2200097 4500
001
14025
100
_a
Hampden J
245
_a
Twenty four one act plays
260
_a
London
_b
J M Dent
_c
090
_c
10982
_d
10982
942
_a
NUST-CAE
_c
M
_c
1094
999
_c
249098
_d
249098